<?xml version="1.0" encoding="UTF-8"?>
<record
    xmlns:xsi="http://www.w3.org/2001/XMLSchema-instance"
    xsi:schemaLocation="http://www.loc.gov/MARC21/slim http://www.loc.gov/standards/marcxml/schema/MARC21slim.xsd"
    xmlns="http://www.loc.gov/MARC21/slim">

  <leader>00402nam a22001577a 4500</leader>
  <controlfield tag="005">20160905111000.0</controlfield>
  <controlfield tag="008">160905b        xxu||||| |||| 00| 0 eng d</controlfield>
  <datafield tag="020" ind1=" " ind2=" ">
    <subfield code="a">978-81-7233-296-9</subfield>
  </datafield>
  <datafield tag="041" ind1=" " ind2=" ">
    <subfield code="a">eng</subfield>
  </datafield>
  <datafield tag="100" ind1=" " ind2=" ">
    <subfield code="a">SAXENA,NARESH CHANDRA AND OTHERS</subfield>
    <subfield code="9">3484</subfield>
  </datafield>
  <datafield tag="245" ind1=" " ind2=" ">
    <subfield code="a">ENVIRONMENTAL MANAGEMENT IN MINING AREAS</subfield>
  </datafield>
  <datafield tag="260" ind1=" " ind2=" ">
    <subfield code="b">SCIENTIFIC</subfield>
    <subfield code="c">2013</subfield>
  </datafield>
  <datafield tag="300" ind1=" " ind2=" ">
    <subfield code="a">410</subfield>
  </datafield>
  <datafield tag="650" ind1=" " ind2=" ">
    <subfield code="a">MINING</subfield>
    <subfield code="9">3481</subfield>
  </datafield>
  <datafield tag="942" ind1=" " ind2=" ">
    <subfield code="c">BK</subfield>
  </datafield>
  <datafield tag="999" ind1=" " ind2=" ">
    <subfield code="c">5188</subfield>
    <subfield code="d">5186</subfield>
  </datafield>
  <datafield tag="952" ind1=" " ind2=" ">
    <subfield code="0">0</subfield>
    <subfield code="1">0</subfield>
    <subfield code="4">0</subfield>
    <subfield code="7">0</subfield>
    <subfield code="8">MINING</subfield>
    <subfield code="a">JRU</subfield>
    <subfield code="b">JRU</subfield>
    <subfield code="c">SHELF-60-E</subfield>
    <subfield code="d">2016-09-05</subfield>
    <subfield code="e">Purchase</subfield>
    <subfield code="g">1650.00</subfield>
    <subfield code="l">4</subfield>
    <subfield code="o">622.4</subfield>
    <subfield code="p">21013</subfield>
    <subfield code="r">2022-05-24 00:00:00</subfield>
    <subfield code="s">2022-05-20</subfield>
    <subfield code="t">1</subfield>
    <subfield code="w">2016-09-05</subfield>
    <subfield code="y">BK</subfield>
  </datafield>
  <datafield tag="952" ind1=" " ind2=" ">
    <subfield code="0">0</subfield>
    <subfield code="1">0</subfield>
    <subfield code="4">0</subfield>
    <subfield code="7">0</subfield>
    <subfield code="8">MINING</subfield>
    <subfield code="a">JRU</subfield>
    <subfield code="b">MAIN</subfield>
    <subfield code="c">SHELF-6-D</subfield>
    <subfield code="d">2017-09-19</subfield>
    <subfield code="e">Purchase</subfield>
    <subfield code="g">1650.00</subfield>
    <subfield code="l">4</subfield>
    <subfield code="m">1</subfield>
    <subfield code="o">622.4</subfield>
    <subfield code="p">21749</subfield>
    <subfield code="r">2021-01-16 00:00:00</subfield>
    <subfield code="s">2020-11-02</subfield>
    <subfield code="w">2017-09-19</subfield>
    <subfield code="y">BK</subfield>
  </datafield>
  <datafield tag="952" ind1=" " ind2=" ">
    <subfield code="0">0</subfield>
    <subfield code="1">0</subfield>
    <subfield code="4">0</subfield>
    <subfield code="7">0</subfield>
    <subfield code="8">MINING</subfield>
    <subfield code="a">JRU</subfield>
    <subfield code="b">JRU</subfield>
    <subfield code="c">SHELF-100-D</subfield>
    <subfield code="d">2017-09-19</subfield>
    <subfield code="e">Purchase</subfield>
    <subfield code="g">1650.00</subfield>
    <subfield code="l">13</subfield>
    <subfield code="m">2</subfield>
    <subfield code="o">622.4</subfield>
    <subfield code="p">22075</subfield>
    <subfield code="r">2026-03-25 05:27:47</subfield>
    <subfield code="s">2025-10-10</subfield>
    <subfield code="w">2017-09-19</subfield>
    <subfield code="y">BK</subfield>
  </datafield>
  <datafield tag="952" ind1=" " ind2=" ">
    <subfield code="0">0</subfield>
    <subfield code="1">0</subfield>
    <subfield code="4">0</subfield>
    <subfield code="7">0</subfield>
    <subfield code="8">MINING</subfield>
    <subfield code="a">JRU</subfield>
    <subfield code="b">MAIN</subfield>
    <subfield code="c">SHELF-100-D</subfield>
    <subfield code="d">2017-09-19</subfield>
    <subfield code="e">Purchase</subfield>
    <subfield code="g">1650.00</subfield>
    <subfield code="l">14</subfield>
    <subfield code="m">3</subfield>
    <subfield code="o">622.4</subfield>
    <subfield code="p">22076</subfield>
    <subfield code="r">2025-03-04 12:05:46</subfield>
    <subfield code="s">2025-02-19</subfield>
    <subfield code="w">2017-09-19</subfield>
    <subfield code="y">BK</subfield>
  </datafield>
</record>
